Представление документа в формате RUSMARC

ПолеНазваниеЗначение
  Тип записи a
  Библиографический уровень m
001 Контрольный номер RU/УОНБ/EK_R/384704172
005 Дата корректировки 20250520123755.8
010 Индекс ISBN __
d Цена 13 к.
9 Тираж 80000 экз.
100 Данные общей обработки __
a Данные общей обработки 20120310d1976 m h0rusy0189||||ca
101 Язык документа 0_
a Язык текста rus
102 Страна публикации __
a Страна публикации RU
105 Кодированные данные (монография) __
a Кодированные данные (монография) a z 000yy
200 Заглавие и сведения об ответственности 1_
a Заглавие Использование скоростной техники
f Первые сведения об ответственности А.С. Гаспаров, Г.С. Сверчук
210 Выходные данные 1_
a Место издания Москва
c Издательство Колос
d Дата издания 1976
215 Физическое описание __
a Объем 103 с.
c Иллюстрации/тип воспроизводства ил.
d Формат 16 см
606 Тематические рубрики 0_
a Основная рубрика Сельскохозяйственные машины и орудия скоростные
606 Тематические рубрики 0_
a Основная рубрика Тракторы скоростные
610 Ключевые слова 0_
a Ключевые слова скоростные тракторы
610 Ключевые слова 0_
a Ключевые слова тракторы скоростные
610 Ключевые слова 0_
a Ключевые слова скоростная техника сельскохозяйственная
610 Ключевые слова 0_
a Ключевые слова сельскохозяйственная техника скоростная
610 Ключевые слова 0_
a Ключевые слова сельхозтехника скоростная
610 Ключевые слова 0_
a Ключевые слова механизация сельского хозяйства
610 Ключевые слова 0_
a Ключевые слова использование сельхозтехники скоростной
610 Ключевые слова 0_
a Ключевые слова машины сельскохозяйственные
686 Индексы других классификаций __
a Классификационный индекс 40.72-082
2 Код системы rubbk
700 Автор _1
a Фамилия Гаспаров
b Имя (инициалы) А.С.
g Полное личное имя Анатолий Суренович
701 Альтернативная интеллектуальная ответственность _1
a Фамилия Сверчук
b Имя (инициалы) Г.С.
801 Источник записи _0
a Страна RU
b Организация Ульяновская ОНБ
c Дата составления 20120310
g Правила каталогизации RCR
801 Источник записи _1
a Страна RU
b Организация Ульяновская ОНБ
c Дата составления 20120310
g Правила каталогизации RCR
901 Тип документа __
t Тип документа m
909 Создатель записи __
a Создатель записи Ломовцева
938 Служебная информация __
a Имя БД retro
b Имя библиотеки УОНБ
c Имя АИБС МАРК-SQL
d Номер DOC_ID в БД 31609